【名探偵コナン・サドンデス】コナンの正体がバレている人物 - Statistics

General Stats
  • This quiz has been taken 72 times
  • The average score is 9 of 12
Answers on the Grid
Answers color-coded by a green-red scale on the quiz's grid according to % correct below.
阿笠博士
宮野明美
工藤優作
工藤有希子
服部平次
灰原哀
ベルモット
赤井秀一/沖矢昴
世良真純
メアリー世良
怪盗キッド
安室透/古谷零
毛利蘭
毛利小五郎
吉田歩美
小嶋元太
円谷光彦
鈴木園子
遠山和葉
妃英理
目暮十三
佐藤美和子
高木渉
白鳥任三郎
風見裕也
ジェイムズ・ブラッグ
ジョディ・スターリング
小林澄子
京極真
沖野ヨーコ
ジン
ウォッカ
 
Answer Stats
Answer % Correct
阿笠博士
92%
灰原哀
90%
怪盗キッド
84%
服部平次
82%
工藤優作
80%
赤井秀一/沖矢昴
80%
安室透/古谷零
78%
工藤有希子
76%
ベルモット
76%
メアリー世良
59%
世良真純
55%
宮野明美
51%
No matching quizzes found
Score Distribution
Percent of People with Each Score
Percentile by Number Answered
Your Score History
You have not taken this quiz